000 00367nam a2200145Ia 4500
008 230917s9999||||xx |||||||||||||| ||und||
040 _e155443
_aMAIN
041 _aEnglish
082 _a942 H629H
100 _aCalvin, H.M.
245 0 _aHistory of the King's works
260 _aLondon
_bHer Majesty's Stationery Office
_c1963
300 _a552p p.
942 _cBK
999 _c229476
_d229476